Les Pokémons des dizaines - Statistiques

Statistiques générales
  • Ce quiz a été pris 52 fois
  • Le résultat moyen est 56 sur 101
Statistiques - réponses
Numéro Pokémon Type de quiz Génération % Correct
#10 Chenipan Insecte 1
98%
#40 Grodoudou Normal/Fée 1
86%
#150 Mewtwo Psy 1
86%
#130 Léviator Eau/Vol 1
83%
#110 Smogogo Poison 1
83%
#160 Aligatueur Eau 2
81%
#140 Kabuto Roche/Eau 1
81%
#50 Taupiqueur Sol 1
81%
#100 Voltorbe Électrik 1
81%
#250 Ho-oh Feu/Vol 2
79%
#20 Rattatac Normal 1
79%
#230 Hyporoi Eau/Dragon 2
76%
#70 Boustiflor Plante/Poison 1
74%
#80 Flagadoss Eau/Psy 1
74%
#220 Marcacrin Glace/Sol 2
74%
#30 Nidorina Poison 1
74%
#170 Loupio Eau/Électrik 2
71%
#200 Feuforêve Spectre 2
67%
#120 Stari Eau 1
67%
#180 Lainergie Électrik 2
64%
#60 Ptitard Eau 1
64%
#460 Blizzaroi Plante/Glace 4
62%
#730 Oratoria Eau/Fée 7
62%
#400 Castorno Normal/Eau 4
60%
#430 Corboss Ténèbres/Vol 4
60%
#210 Granbull Fée 2
60%
#260 Laggron Eau/Sol 3
60%
#650 Marisson Plante 6
60%
#270 Nénupiot Eau/Plante 3
60%
#390 Ouisticram Feu 4
60%
#500 Roitiflam Feu/Combat 5
60%
#640 Viridium Plante/Combat 5
60%
#520 Colombeau Normal/Vol 5
57%
#790 Cosmovum Psy 7
57%
#680 Dimoclès Acier/Spectre 6
57%
#780 Draïeul Normal/Dragon 7
57%
#660 Excavarenne Normal/Sol 6
57%
#90 Kokiyas Eau 1
57%
#540 Larveyette Insecte/Plante 5
57%
#380 Latias Dragon/Psy 3
57%
#280 Tarsal Psy/Fée 3
57%
#770 Trépassable Spectre/Sol 7
57%
#560 Baggaïd Ténèbres/Combat 5
55%
#340 Barbicha Eau/Sol 3
55%
#610 Coupenotte Dragon 5
55%
#740 Crabominable Combat/Glace 7
55%
#410 Dinoclier Roche/Acier 4
55%
#670 Floette Fée 6
55%
#510 Léopardus Ténèbres 5
55%
#330 Libégon Sol/Dragon 3
55%
#490 Manaphy Eau 4
55%
#800 Necrozma Psy 7
55%
#290 Ningale Insecte/Sol 3
55%
#810 Ouistempo Plante 8
55%
#690 Venalgue Poison/Eau 6
55%
#600 Clic Acier 5
52%
#580 Couaneton Eau/Vol 5
52%
#480 Créhelf Psy 4
52%
#310 Élecsprint Électrik 3
52%
#720 Hoopa Psy/Spectre Psy/Ténèbres 6
52%
#240 Magby Feu 2
52%
#530 Minotaupe Sol/Acier 5
52%
#700 Nymphali Fée 6
52%
#710 Pitrouille Spectre/Plante 6
52%
#630 Vaututrice Ténèbres/Vol 5
52%
#840 Verpom Plante/Dragon 8
52%
#940 Zapétrel Électrik/Vol 9
52%
#930 Arboliva Plante/Normal 9
50%
#420 Ceribou Plante 4
50%
#760 Chelours Normal/Combat 7
50%
#910 Crocogril Feu 9
50%
#860 Fourbelin Ténèbres/Fée 8
50%
#920 Gambex Insecte/Ténèbres 9
50%
#450 Hippodocus Sol 4
50%
#590 Trompignon Plante/Poison 5
50%
#890 Éthernatos Poison/Dragon 8
48%
#880 Galvagon Électrik/Dragon 8
48%
#850 Grillepattes Feu/Insecte 8
48%
#820 Rongrigou Normal 8
48%
#570 Zorua Ténèbres 5
48%
#900 Hachécateur Insecte/Roche 8
45%
#470 Phyllali Plante 4
45%
#620 Shaofouine Combat 5
45%
#750 Bourrinos Sol 7
43%
#970 Floréclat Roche/Poison 9
40%
#300 Skitty Normal 3
40%
#320 Wailmer Eau 3
40%
#830 Blancoton Plante 8
38%
#950 Craparoi Roche 9
38%
#1000 Gromago Acier/Spectre 9
38%
#370 Lovdisc Eau 3
38%
#1010 Vert-de-Fer Plante/Psy 9
38%
#190 Capumain Normal 2
36%
#870 Hexadron Combat 8
36%
#350 Milobellus Eau 3
36%
#360 Okéoké Psy 3
36%
#960 Taupikeau Eau 9
36%
#980 Terraiste Poison/Sol 9
36%
#550 Bargantua Eau 5
33%
#990 Roue-de-Fer Sol/Acier 9
31%
#440 Ptiravi Normal 4
29%
Aucun quiz correspondant
Distribution des résultats
% des personnes avec chaque résultat
Percentile par nombre de réponses
Votre historique - résultats
Vous n’avez pas pris ce quiz